<?xml version="1.0" encoding="UTF-8"?>
<record
    xmlns:xsi="http://www.w3.org/2001/XMLSchema-instance"
    xsi:schemaLocation="http://www.loc.gov/MARC21/slim http://www.loc.gov/standards/marcxml/schema/MARC21slim.xsd"
    xmlns="http://www.loc.gov/MARC21/slim">

  <leader>01431nam a22002897a 4500</leader>
  <controlfield tag="005">20170124103159.0</controlfield>
  <datafield tag="010" ind1=" " ind2=" ">
    <subfield code="a">B-103351</subfield>
  </datafield>
  <datafield tag="020" ind1=" " ind2=" ">
    <subfield code="c">00.00</subfield>
    <subfield code="a">8177141112</subfield>
  </datafield>
  <datafield tag="035" ind1=" " ind2=" ">
    <subfield code="a">B-103351</subfield>
  </datafield>
  <datafield tag="037" ind1=" " ind2=" ">
    <subfield code="b">Cen Lib/Ret</subfield>
  </datafield>
  <datafield tag="040" ind1=" " ind2=" ">
    <subfield code="a">DPL</subfield>
    <subfield code="b">HN</subfield>
  </datafield>
  <datafield tag="082" ind1=" " ind2=" ">
    <subfield code="a">335.4</subfield>
    <subfield code="b">&#x932;&#x941;&#x915;&#x93E;&#x91A; </subfield>
  </datafield>
  <datafield tag="100" ind1=" " ind2=" ">
    <subfield code="a">&#x932;&#x941;&#x915;&#x93E;&#x91A;, &#x917;&#x94D;&#x92F;&#x93E;&#x930;&#x94D;&#x917; </subfield>
    <subfield code="9">90770</subfield>
  </datafield>
  <datafield tag="245" ind1=" " ind2=" ">
    <subfield code="a">&#x907;&#x924;&#x93F;&#x939;&#x93E;&#x938; &#x914;&#x930; &#x935;&#x930;&#x94D;&#x917; &#x91A;&#x947;&#x924;&#x928;&#x93E; : </subfield>
    <subfield code="c">&#x917;&#x94D;&#x92F;&#x93E;&#x930;&#x94D;&#x917; &#x932;&#x941;&#x915;&#x93E;&#x91A;;&#x905;&#x928;&#x941;&#x935;&#x93E;&#x926;&#x915; &#x928;&#x930;&#x947;&#x936; </subfield>
    <subfield code="b">&#x92E;&#x93E;&#x930;&#x94D;&#x915;&#x94D;&#x938;&#x935;&#x93E;&#x926;&#x940; &#x926;&#x942;&#x926;&#x942;&#x935;&#x93E;&#x902;&#x926; &#x938;&#x902;&#x92C;&#x902;&#x927;&#x940; &#x905;&#x927;&#x94D;&#x92F;&#x92F;&#x928; /</subfield>
  </datafield>
  <datafield tag="246" ind1=" " ind2=" ">
    <subfield code="a">Itihas aur varg chetna : maksvaadi dwiduvaad sambandhi adhyayan /</subfield>
    <subfield code="b">by Gyarg Lukaach;anuvadak Naresh</subfield>
  </datafield>
  <datafield tag="260" ind1=" " ind2=" ">
    <subfield code="a">&#x928;&#x92F;&#x940; &#x926;&#x93F;&#x932;&#x940; </subfield>
    <subfield code="b">&#x92A;&#x94D;&#x930;&#x915;&#x93E;&#x936;&#x928; &#x938;&#x902;&#x938;&#x94D;&#x925;&#x93E;&#x928;</subfield>
    <subfield code="c">2003</subfield>
  </datafield>
  <datafield tag="270" ind1=" " ind2=" ">
    <subfield code="a">4715/21, &#x926;&#x92F;&#x93E;&#x928;&#x928;&#x94D;&#x926; &#x92E;&#x93E;&#x930;&#x94D;&#x917;, &#x926;&#x930;&#x93F;&#x92F;&#x93E;&#x917;&#x902;&#x91C; </subfield>
    <subfield code="b">&#x928;&#x92F;&#x940; &#x926;&#x93F;&#x932;&#x940; </subfield>
    <subfield code="e">110002</subfield>
  </datafield>
  <datafield tag="300" ind1=" " ind2=" ">
    <subfield code="a">398&#x92A;&#x943;. </subfield>
    <subfield code="c">21&#x938;&#x947;&#x92E;&#x940;(&#x938;&#x91C;&#x93F;&#x932;&#x94D;&#x926;)</subfield>
  </datafield>
  <datafield tag="490" ind1=" " ind2=" ">
    <subfield code="a">&#x932;&#x94B;&#x915;&#x91A;&#x947;&#x924;&#x928;&#x93E; </subfield>
    <subfield code="v">5</subfield>
  </datafield>
  <datafield tag="500" ind1=" " ind2=" ">
    <subfield code="a">&#x905;&#x928;&#x941;&#x915;&#x94D;&#x930;&#x92E;&#x923;&#x93F;&#x915;&#x93E;  &#x936;&#x93E;&#x92E;&#x93F;&#x932;    </subfield>
  </datafield>
  <datafield tag="650" ind1=" " ind2=" ">
    <subfield code="a">&#x92E;&#x93E;&#x930;&#x94D;&#x915;&#x94D;&#x938;&#x935;&#x93E;&#x926;</subfield>
    <subfield code="9">90771</subfield>
  </datafield>
  <datafield tag="650" ind1=" " ind2=" ">
    <subfield code="a">&#x92E;&#x93E;&#x930;&#x94D;&#x915;&#x94D;&#x938;&#x935;&#x93E;&#x926;&#x940; &#x930;&#x94B;&#x91C;&#x93E; &#x932;&#x941;&#x915;&#x94D;&#x91C;&#x947;&#x92E;&#x92C;&#x941;&#x930;&#x94D;&#x917; </subfield>
    <subfield code="9">90772</subfield>
  </datafield>
  <datafield tag="650" ind1=" " ind2=" ">
    <subfield code="a">Marxism</subfield>
    <subfield code="9">10333</subfield>
  </datafield>
  <datafield tag="650" ind1=" " ind2=" ">
    <subfield code="a">Marxist Rosa Lukjemburg</subfield>
    <subfield code="9">90773</subfield>
  </datafield>
  <datafield tag="700" ind1=" " ind2=" ">
    <subfield code="a">&#x928;&#x930;&#x947;&#x936; </subfield>
    <subfield code="9">41420</subfield>
  </datafield>
  <datafield tag="942" ind1=" " ind2=" ">
    <subfield code="2">ddc</subfield>
    <subfield code="c">HN</subfield>
    <subfield code="h">335.4</subfield>
    <subfield code="m">&#x932;&#x941;&#x915;&#x93E;&#x91A; </subfield>
  </datafield>
  <datafield tag="999" ind1=" " ind2=" ">
    <subfield code="c">120504</subfield>
    <subfield code="d">120504</subfield>
  </datafield>
  <datafield tag="952" ind1=" " ind2=" ">
    <subfield code="0">0</subfield>
    <subfield code="1">0</subfield>
    <subfield code="4">0</subfield>
    <subfield code="7">0</subfield>
    <subfield code="a">L</subfield>
    <subfield code="b">L</subfield>
    <subfield code="d">2015-09-23</subfield>
    <subfield code="e">Cen Lib/Ret</subfield>
    <subfield code="g">0.00</subfield>
    <subfield code="l">1</subfield>
    <subfield code="o">335.4 &#x932;&#x941;&#x915;&#x93E;&#x91A;</subfield>
    <subfield code="p">B-103351</subfield>
    <subfield code="r">2018-01-15 00:00:00</subfield>
    <subfield code="s">2017-12-28</subfield>
    <subfield code="t">1</subfield>
    <subfield code="v">0.00</subfield>
    <subfield code="w">2015-09-23</subfield>
    <subfield code="y">HN</subfield>
  </datafield>
</record>
